Biggest Cities by American Desert - Statistics

General Stats
  • This quiz has been taken 21 times
    11 since last reset
  • The average score is 32 of 92
Answer Stats
Population Answer % Correct
1,624,569 Phoenix
100%
91,617 Avondale
88%
105,567 Buckeye
88%
280,711 Chandler
88%
275,346 Gilbert
88%
189,221 Glendale
88%
105,406 Goodyear
88%
512,498 Mesa
88%
197,866 Peoria
88%
101,207 San Tan Valley
88%
243,050 Scottsdale
88%
154,198 Surprise
88%
185,950 Tempe
88%
677,456 El Paso
75%
546,574 Tucson
75%
319,055 Henderson
63%
59,179 Herriman
63%
641,903 Las Vegas
63%
84,373 Lehi
63%
264,216 North Las Vegas
63%
273,448 Reno
63%
204,657 Salt Lake City
63%
83,513 South Jordan
63%
109,226 Sparks
63%
57,879 Taylorsville
63%
116,664 West Jordan
63%
136,650 West Valley City
63%
58,130 Carson City
50%
925,762 Chihuahua
50%
225,461 Enterprise
50%
82,601 Layton
50%
86,825 Ogden
50%
95,910 Orem
50%
189,733 Paradise
50%
113,523 Provo
50%
220,114 Spring Valley
50%
198,325 Sunrise Manor
50%
1,501,551 Ciudad Juárez
38%
98,017 Río Grande
38%
352,638 Antofagasta
25%
1,008,290 Arequipa
25%
41,523 Bullhead City
25%
855,563 Hermosillo
25%
191,468 Iquique
25%
32,689 Kingman
25%
113,888 Las Cruces
25%
124,169 Punta Arenas
25%
108,205 San Carlos de Bariloche
25%
95,927 St. George
25%
28,065 Twentynine Palms
25%
82,615 Ushuaia
25%
27,993 Washington
25%
98,527 Yuma
25%
37,858 Adelanto
13%
75,929 Apple Valley
13%
222,619 Arica
13%
158,487 Calama
13%
150,962 Copiapó
13%
100,200 Hesperia
13%
282,407 Ica
13%
57,415 Lake Havasu City
13%
172,862 Lancaster
13%
250,141 La Paz
13%
196,178 La Serena
13%
54,680 Logan
13%
854,186 Mexicali
13%
103,734 Ovalle
13%
169,279 Palmdale
13%
286,240 Tacna
13%
134,742 Victorville
13%
51,733 Caleta Olivia
0%
148,045 Ciudad Delicias
0%
75,242 Ciudad Frontera
0%
96,243 Ciudad Lerdo
0%
175,196 Comodoro Rivadavia
0%
53,715 Coyhaique
0%
301,742 Gómez Palacio
0%
117,253 Heroica Guaymas
0%
102,199 Matehuala
0%
237,169 Monclova
0%
231,198 Neuquén
0%
65,753 Nuevo Casas Grandes
0%
38,390 Pahrump
0%
113,843 Parral
0%
103,175 Puerto Madryn
0%
97,742 Río Gallegos
0%
59,196 Sabinas
0%
864,431 Saltillo
0%
176,685 San Luis Rio Colorado
0%
690,193 Torreón
0%
97,915 Trelew
0%
59,992 Viedma
0%
No matching quizzes found
Score Distribution
Percent of People with Each Score
Percentile by Number Answered
Your Score History
You have not taken this quiz since the last reset